Statistics for Jason Aldean Songs

Click here to take the quiz!

General Stats

  • This quiz has been taken 3 times
  • The average score is 5 of 9

Answer Stats

YearSongOther Featured Artist% Correct
2009Big Green Tractor
100%
2009She's Country
100%
2011Don't You Wanna StayKelly Clarkson
100%
2011Dirt Road Anthem
67%
2012Fly Over States
67%
2006Why
33%
2012Take A Little Ride
33%
2010The Truth
0%
2014Bunrin' It Down
0%

Score Distribution

Percentile by Number Answered

Percent of People with Each Score

Your Score History

You have not taken this quiz